00592cam a22002051 450000100060000000300080000600500170001400800410003103500190007203500180009104000410010904100080015008200260015810000180018424500390020226000510024130000320029250400200032465000420034427992BD-RjUL20211209051227.01403 t1963 azuab b 001 0 eng d a(BD-RjUL)28073 a(OCoLC)230648 aDLCcODaWUdOCoLCdDLCdBD-RjULbeng aeng00a333.9109791bMAP 19631 aMann, Dean E.14aThe politics of water in Arizona / aTucson :bUniversity of Arizona Press,cc1963. axiv, 317 p. :bill.c24 cm. aincludes index. 0aWater resources developmentzArizona.